000 00791nam a2200253Ia 4500
003 OSt
005 20221005091001.0
006 a|||||r|||| 00| 0
007 ta
008 221004b |||||||| |||| 00| 0 eng d
020 _a9780195181234 (hbk)
_c595
024 _a101714
037 _b29207, 18/02/2010, Segment Book Distributors
_cTextual
040 _aCRL
_cCRL
_beng
041 _2eng
_aeng
082 _a4.73, P9
100 _aJones Alex S.
_9615782
245 0 _aLosing the news
_b Future of the news that feeds democracy
260 _aNew York
_bOxford University Press
_c2009
300 _axix,234p.
_ccm.
650 _aJOUNRALISM
_93876
942 _h4.73, P9
_cTEXL
_2cc
999 _c996666
_d996666